Tous les Pokémon de type poison - Statistiques

Statistiques générales
  • Ce quiz a été pris 24 fois
    17 depuis la dernière actualisation
  • Le résultat moyen est 64 sur 91
Statistiques - réponses
Hint Réponse % Correct
Poison Abo
100%
Poison Arbok
100%
Poison/Insecte Dardargnan
100%
Poison Grotadmorv
100%
Poison/Ténèbres* Grotadmorv d'Alola
100%
Poison Tadmorv
100%
Poison/Ténèbres* Tadmorv d'Alola
100%
Poison/Insecte Aspicot
92%
Poison/Plante Boustiflor
92%
Poison/Plante Chétiflor
92%
Poison/Insecte Coconfort
92%
Poison/Spectre Ectoplasma
92%
Poison/Plante Empiflor
92%
Poison/Spectre Fantominus
92%
Poison/Plante Mystherbe
92%
Poison/Plante Ortide
92%
Poison/Plante Rafflésia
92%
Poison/Spectre Spectrum
92%
Poison/Plante Bulbizarre
83%
Poison/Combat Coatox
83%
Poison/Combat Cradopaud
83%
Poison/Plante Florizarre
83%
Poison/Plante Herbizarre
83%
Poison/Feu Malamandre
83%
Poison/Vol Nosferapti
83%
Poison Smogo
83%
Poison Smogogo
83%
Poison/Fée* Smogogo de Galar
83%
Poison/Normal Tag-Tag
83%
Poison/Feu Tritox
83%
Poison/Insecte Aéromite
75%
Poison Miamiasme
75%
Poison Miasmax
75%
Poison/Insecte Mimitoss
75%
Poison/Sol Nidoking
75%
Poison/Sol Nidoqueen
75%
Poison Nidoran (femelle)
75%
Poison Nidoran (mâle)
75%
Poison Nidorina
75%
Poison Nidorino
75%
Poison/Vol Nosferalto
75%
Poison/Vol Nostenfer
75%
Poison/Electrik Salarsen
75%
Poison/Eau Tentacool
75%
Poison/Eau Tentacruel
75%
Poison/Electrik Toxizap
75%
Poison/Acier Vrombi
75%
Poison/Acier Vrombotor
75%
Poison/Roche Floréclat
67%
Poison/Spectre Pêchaminus
67%
Poison/Eau Prédastérie
67%
Poison/Eau Qwilfish
67%
Poison/Ténèbres* Qwilfish de Hisui
67%
Poison/Insecte Scobolide
67%
Poison/Insecte Venipatte
67%
Poison/Eau Vorastérie
67%
Poison Avaltout
58%
Poison/Insecte Brutapode
58%
Poison/Psy Fortusimia
58%
Poison/Roche Germéclat
58%
Poison Gloupti
58%
Poison/Normal Gribouraigne
58%
Poison/Dragon Kravarech
58%
Poison/Insecte MIgalos
58%
Poison/Insecte Mimigal
58%
Poison/Insecte Papinox
58%
Poison/Psy* Roigada de Galar
58%
Poison Vémini
58%
Poison/Sol* Axoloto de Galar
50%
Poison/Ténèbres Drascore
50%
Poison/Dragon Ethernatos
50%
Poison/Fée Favianos
50%
Poison/Combat Félicanis
50%
Poison/Psy* Flagadoss de Galar
50%
Poison/Dragon Mandrillon
50%
Poison/Ténèbres Moufflair
50%
Poison/Ténèbres Moufouette
50%
Poison/Ténèbres Qwilpik
50%
Poison/Insecte Rapion
50%
Poison/Plante Rosélia
50%
Poison/Plante Roserade
50%
Poison/Plante Rozbouton
50%
Poison/Sol Terraiste
50%
Poison/Eau Venalgue
50%
Poison/Roche Zéroïd
50%
Poison/Combat Farfurex
42%
Poison Séviper
42%
Poison/Combat* Farfuret de Hisui
33%
Poison/Plante Gaulet
33%
Poison/Plante Trompignon
33%
Poison/Feu Mite-de-fer
25%
Aucun quiz correspondant
Distribution des résultats
% des personnes avec chaque résultat
Percentile par nombre de réponses
Votre historique - résultats
Vous n’avez pas pris ce quiz depuis la dernière actualisation